000 00571nam a22001937a 4500
999 _c4675
_d4675
003 AR-CdUCM
008 190311b ||||| |||| 00| 0 spa d
040 _aMUNICIPALIDAD PROVINCIAL DEL CUSCO
_cBIBLIOTECA MUNICIPAL DEL CUSCO
082 _a869.964 /
_bF76
100 _aFornet, Ambrosio
_94279
245 _aPoemas al Che /
260 _aLima :
_bCausachun,
_c1972.
300 _a133 páginas ;
_bIlustraciones.
_c17 cm.
500 _aDonación familia Nieto
650 _aPoesía latinoamericana
_92147
650 _aSiglo XX
_98
942 _2ddc
_cLIBROS
945 _aafb